[Event "Women's Speed Chess Q2"]
[Site "chess.com INT"]
[Date "2020.06.19"]
[Round "8"]
[White "Mukhina, Jana"]
[Black "Muminova, Nafisa"]
[Result "0-1"]
[WhiteTitle "WFM"]
[BlackTitle "WGM"]
[WhiteElo "2068"]
[BlackElo "2274"]
[WhiteFideId "34115428"]
[BlackFideId "14201526"]
[EventDate "2020.06.19"]

1. e4 e6 2. d4 d5 3. Nd2 Nf6 4. e5 Nfd7 5. Bd3 c5 6. c3 Nc6 7. Ne2 cxd4 8. cxd4
f6 9. exf6 Nxf6 10. O-O Bd6 11. Nf3 O-O 12. Bf4 Bxf4 13. Nxf4 Ne4 14. Nh5 e5 15.
Bxe4 dxe4 16. Nxe5 Nxd4 17. Ng3 Qd5 18. Ng4 Be6 19. Ne3 Qe5 20. Qh5 Qf4 21. Rad1
Rad8 22. Qc5 Nc6 23. Rxd8 Rxd8 24. Nh5 Qh6 25. Nf5 Qg5 26. Nhxg7 Rd5 27. Nxe6
Qxf5 28. Qe3 Qxe6 29. Qg3+ Kh8 30. Qc7 Rd7 31. Qc8+ Kg7 32. h4 Ne7 33. Qc1 Ng6
34. h5 Ne5 35. Qg5+ Kf8 36. h6 Rf7 37. Rc1 Nc6 38. Rd1 Qe7 39. Qg3 Rf6 40. Qh4
Rg6 41. g3 Qxh4 42. Kf1 Qh3+ 43. Ke2 Qg4+ 44. Ke3 Qf3+ 45. Kd2 Rd6+ 46. Kc1
Qxd1# 0-1

[Event "Women's Speed Chess Q2"]
[Site "chess.com INT"]
[Date "2020.06.19"]
[Round "8"]
[White "Tsotsonava, Elene"]
[Black "Rovira Contreras, Tairu Manuela"]
[Result "1-0"]
[WhiteTitle "WFM"]
[BlackTitle "WIM"]
[WhiteElo "2012"]
[BlackElo "2058"]
[WhiteFideId "13615939"]
[BlackFideId "3900533"]
[EventDate "2020.06.19"]

1. e4 e5 2. Nf3 Nc6 3. Bb5 a6 4. Ba4 Nf6 5. O-O Be7 6. Re1 b5 7. Bb3 O-O 8. a4
Rb8 9. axb5 axb5 10. c3 d6 11. h3 Be6 12. Bc2 Ne8 13. d4 exd4 14. cxd4 d5 15.
exd5 Bxd5 16. Nc3 Bxf3 17. Qxf3 Nxd4 18. Qe4 Nxc2 19. Qxc2 Nd6 20. Nd5 Bf6 21.
Bf4 Rb7 22. Nxf6+ Qxf6 23. Be5 Qg6 24. Qc6 Rb6 25. Qxc7 Nc4 26. Bd4 Re6 27. Bc5
Rfe8 28. Rxe6 Qxe6 29. b3 Nd2 30. b4 Nb3 31. Rd1 h6 32. Be3 Qc4 33. Qd7 Rc8 34.
Qe7 Ra8 35. Rd8+ Rxd8 36. Qxd8+ Kh7 37. Qe7 Nc1 38. Bxc1 Qxc1+ 39. Kh2 Qf4+ 40.
Kg1 g6 41. Qc5 Qf5 42. Qc7 Kg7 43. Qc3+ Kh7 44. Qc7 1-0

[Event "Women's Speed Chess Q2"]
[Site "chess.com INT"]
[Date "2020.06.19"]
[Round "8"]
[White "Bodnaruk, Anastasia"]
[Black "Gevorgyan, Maria"]
[Result "1-0"]
[WhiteTitle "IM"]
[BlackTitle "WGM"]
[WhiteElo "2411"]
[BlackElo "2228"]
[WhiteFideId "4181751"]
[BlackFideId "13300270"]
[EventDate "2020.06.19"]

1. e4 c5 2. Nc3 Nc6 3. Bb5 Nd4 4. Bc4 e6 5. Nf3 a6 6. a4 Nf6 7. O-O d5 8. exd5
exd5 9. Ba2 Bg4 10. Qe1+ Be7 11. Nxd4 cxd4 12. Ne2 d3 13. cxd3 d4 14. f3 Bf5 15.
Bc4 O-O 16. Ng3 Bd7 17. a5 Re8 18. Ne4 Bb4 19. Qh4 Nxe4 20. Qxd8 Raxd8 21. dxe4
Re5 22. d3 Rxa5 23. Bf4 Rc8 24. Rxa5 Bxa5 25. Be5 b5 26. Bd5 Bb6 27. b4 Rc3 28.
Ra1 Bc8 29. Kf2 Rxd3 30. Rc1 Rc3 31. Rxc3 dxc3+ 32. Ke2 c2 33. Kd2 a5 34. bxa5
Bxa5+ 35. Kxc2 Be6 36. Kb3 Kf8 37. Bxe6 fxe6 38. Bc3 Bc7 39. g3 Bd6 40. Bb4 Ke7
41. e5 Bxb4 42. Kxb4 Kd7 43. Kxb5 Kc7 44. Kc5 g6 45. f4 h6 46. Kb5 Kb7 47. Kc5
Kc7 48. h3 g5 49. fxg5 hxg5 50. h4 gxh4 51. gxh4 Kd7 52. h5 Ke7 53. Kc6 Kf7 54.
Kd6 1-0

[Event "Women's Speed Chess Q2"]
[Site "chess.com INT"]
[Date "2020.06.19"]
[Round "8"]
[White "Shuqja, Klean"]
[Black "Eswaran, Aksithi"]
[Result "1-0"]
[WhiteTitle "WCM"]
[BlackTitle "WCM"]
[WhiteElo "1838"]
[BlackElo "1745"]
[WhiteFideId "4701585"]
[BlackFideId "2083485"]
[EventDate "2020.06.19"]

1. b3 d5 2. Bb2 c6 3. e3 Nf6 4. f4 e6 5. Nf3 Bd6 6. Be2 Nbd7 7. O-O O-O 8. d3 c5
9. Ne5 Qc7 10. Nxd7 Nxd7 11. Nd2 e5 12. f5 Nf6 13. e4 dxe4 14. dxe4 Bd7 15. Qe1
Bc6 16. Bf3 b5 17. c4 bxc4 18. Nxc4 Rad8 19. Qe3 Bb5 20. Rac1 Rfe8 21. Rfd1 Bxc4
22. Rxc4 Nd7 23. Rc2 Nb6 24. Rdc1 Rc8 25. Be2 h6 26. Bc4 Be7 27. Qg3 Bg5 28. Rd1
Nxc4 29. Rxc4 Red8 30. Rf1 Bf4 31. Rxf4 Rd1+ 32. Rf1 Rxf1+ 33. Kxf1 Qd6 34. Rc1
f6 35. Qc3 Qc6 36. Qc4+ Kh8 37. Qd5 Qb5+ 38. Rc4 a5 39. Ba3 a4 40. Kg1 axb3 41.
axb3 Qxb3 42. Rxc5 Qb1+ 43. Kf2 Qb6 44. Kg3 Ra8 45. Rc3 Rb8 46. Qd3 1-0

[Event "Women's Speed Chess Q2"]
[Site "chess.com INT"]
[Date "2020.06.19"]
[Round "8"]
[White "Maltsevskaya, Aleksandra"]
[Black "Munkhzul, Turmunkh"]
[Result "1-0"]
[WhiteTitle "WGM"]
[BlackTitle "WIM"]
[WhiteElo "2272"]
[BlackElo "2278"]
[WhiteFideId "24174041"]
[BlackFideId "4901878"]
[EventDate "2020.06.19"]

1. e4 c5 2. Nf3 d6 3. d4 cxd4 4. Nxd4 Nf6 5. Nc3 a6 6. g3 e5 7. Nb3 Be7 8. Bg2
O-O 9. O-O b5 10. a4 b4 11. Nd5 Nxd5 12. exd5 f5 13. Bd2 a5 14. c3 bxc3 15. Bxc3
Nd7 16. Qd2 Bg5 17. Bxa5 Bxd2 18. Bxd8 Bb4 19. Bc7 Ra7 20. Rfc1 Ba6 21. Rc6 Nb8
22. Bxd6 Nxc6 23. Bxf8 Kxf8 24. dxc6 e4 25. Bf1 Bxf1 26. Kxf1 Ke7 27. Nd4 g6 28.
Nb5 Ra8 29. b3 Bd6 30. Rd1 Be5 31. Rd7+ Ke6 32. Ke2 g5 33. f3 exf3+ 34. Kxf3 g4+
35. Ke3 h5 36. Kd3 h4 37. gxh4 Bxh2 38. h5 g3 39. Nd4+ Kf6 40. c7 g2 41. Nf3 Rc8
42. Ke2 g1=Q 43. Nxg1 Bxg1 44. b4 Bb6 45. a5 Bxc7 46. h6 Kg6 47. h7 Be5 48. b5
Bg7 49. b6 Kxh7 50. b7 Rb8 51. a6 Kg6 52. a7 Re8+ 53. Kf3 Bd4 54. b8=Q Re3+ 55.
Kg2 1-0

[Event "Women's Speed Chess Q2"]
[Site "chess.com INT"]
[Date "2020.06.19"]
[Round "8"]
[White "Mohota, Nisha"]
[Black "Balabayeva, Xeniya"]
[Result "1/2-1/2"]
[WhiteTitle "IM"]
[BlackTitle "WFM"]
[WhiteElo "2195"]
[BlackElo "2146"]
[WhiteFideId "5004330"]
[BlackFideId "13719688"]
[EventDate "2020.06.19"]

1. e4 e6 2. d4 d5 3. Bd3 dxe4 4. Bxe4 Nf6 5. Bf3 c5 6. Ne2 cxd4 7. Qxd4 Qxd4 8.
Nxd4 Bc5 9. Nb5 Na6 10. N1c3 Ke7 11. Bf4 Rd8 12. O-O h6 13. a3 g5 14. Be5 Nd7
15. Bg3 f5 16. b4 f4 17. bxc5 Ndxc5 18. Rae1 fxg3 19. fxg3 Rd2 20. Nd5+ Kd8 21.
Bg4 Rxd5 22. Rf8+ Ke7 23. Rh8 Rb8 24. Rh7+ Kd8 25. Rh8+ Ke7 26. Rh7+ Kd8 27.
Rh8+ Kd7 28. c4 Rd3 29. Rh7+ Kc6 30. a4 Bd7 31. a5 Rf8 32. Bf3+ Rdxf3 33. gxf3
Rxf3 34. Nxa7+ Kc7 35. Nb5+ Kd8 36. Rh8+ Ke7 37. Rh7+ Kd8 38. Rh8+ Ke7 39. Rh7+
Kd8 1/2-1/2

[Event "Women's Speed Chess Q2"]
[Site "chess.com INT"]
[Date "2020.06.19"]
[Round "8"]
[White "Fominykh, Maria"]
[Black "Socko, Monika"]
[Result "0-1"]
[WhiteTitle "WGM"]
[BlackTitle "GM"]
[WhiteElo "2206"]
[BlackElo "2428"]
[WhiteFideId "4142411"]
[BlackFideId "1106619"]
[EventDate "2020.06.19"]

1. Nf3 c5 2. g3 Nc6 3. Bg2 e5 4. O-O d5 5. c4 d4 6. d3 Be7 7. e3 Nf6 8. exd4
exd4 9. Re1 O-O 10. Bg5 Bf5 11. Nh4 Bg4 12. Qb3 Qd7 13. Nd2 h6 14. Bxf6 Bxf6 15.
Nhf3 Rfe8 16. Ne4 Be7 17. a3 Bf8 18. Qb5 b6 19. Nfd2 Rac8 20. f4 Nb8 21. Qxd7
Nxd7 22. h3 Be6 23. Nf2 Bd6 24. Re2 Kf8 25. Rae1 Bf5 26. Rxe8+ Rxe8 27. Rxe8+
Kxe8 28. Nde4 Bc7 29. Kf1 Be6 30. Ke2 f5 31. Nd2 Kf7 32. Nf3 Kf6 33. Nd1 g5 34.
fxg5+ hxg5 35. Kf2 Nf8 36. h4 Nh7 37. hxg5+ Nxg5 38. Nh4 f4 39. gxf4 Bxf4 40.
Nf3 Bg4 41. Nxg5 Kxg5 42. Bf3 Bf5 43. Ke2 Bc1 44. a4 Kf4 45. Bd5 Bg4+ 46. Ke1
Be3 47. b3 Bc1 48. Nf2 Bf3 49. Bxf3 Kxf3 50. Nd1 Ba3 51. Kf1 Bb4 52. Nf2 Ke3 53.
Kg2 Kd2 0-1

[Event "Women's Speed Chess Q2"]
[Site "chess.com INT"]
[Date "2020.06.19"]
[Round "8"]
[White "Skuhala, Barbara"]
[Black "Sakorenko, Adriana"]
[Result "1-0"]
[WhiteTitle "WFM"]
[BlackTitle "WFM"]
[WhiteElo "2095"]
[BlackElo "2216"]
[WhiteFideId "14605465"]
[BlackFideId "34130249"]
[EventDate "2020.06.19"]

1. e4 c6 2. d4 d5 3. f3 e6 4. Nc3 Nf6 5. Nge2 Be7 6. Ng3 O-O 7. Be2 b6 8. Be3
Bb7 9. Qd2 c5 10. O-O-O dxe4 11. fxe4 cxd4 12. Bxd4 Nc6 13. Be3 Qxd2+ 14. Rxd2
Rfd8 15. Rhd1 Bb4 16. Rxd8+ Rxd8 17. Rxd8+ Nxd8 18. Bd3 Ng4 19. Bg1 Bxc3 20.
bxc3 Ne5 21. Kb2 Ndc6 22. Kb3 Na5+ 23. Kb4 Kf8 24. Ne2 Ke7 25. c4 Nac6+ 26. Kb5
Nd7 27. c5 a6+ 28. Kc4 Nce5+ 29. Kb4 a5+ 30. Kb5 Bc6+ 31. Ka6 bxc5 32. Nc3 c4
33. Be2 a4 34. Ka5 a3 35. Kb4 Nf6 36. Bc5+ Kd7 37. Bf3 g5 38. h3 h5 39. Bd4 Nxf3
40. gxf3 Ne8 41. Kxc4 f5 42. Kd3 fxe4+ 43. Nxe4 Nd6 44. Nxg5 Nf5 45. Bc5 Nh4 46.
Ke2 Nf5 47. Bxa3 e5 48. c3 Bd5 49. Bc5 Bc4+ 50. Kf2 Bxa2 51. Be3 Kc6 52. Ne4 Kd5
53. Bg5 Kc4 54. Bf6 Bb1 55. Bxe5 Ne7 56. Kg3 Nd5 57. Kh4 1-0

[Event "Women's Speed Chess Q2"]
[Site "chess.com INT"]
[Date "2020.06.19"]
[Round "8"]
[White "Ziegenfuss, Antonia"]
[Black "Rakshitta, Ravi"]
[Result "1/2-1/2"]
[WhiteTitle "WFM"]
[BlackTitle "WIM"]
[WhiteElo "2101"]
[BlackElo "2190"]
[WhiteFideId "12962554"]
[BlackFideId "25073230"]
[EventDate "2020.06.19"]

1. d4 Nf6 2. c4 g6 3. Nc3 Bg7 4. e4 d6 5. Be2 O-O 6. Be3 e5 7. d5 Nbd7 8. g4 Ne8
9. h4 a5 10. g5 f5 11. gxf6 Ndxf6 12. h5 Bd7 13. hxg6 hxg6 14. Qd3 Ng4 15. Bxg4
Bxg4 16. Bh6 Qf6 17. Qg3 Bh5 18. Bxg7 Nxg7 19. Nge2 Qf3 20. Qxf3 Bxf3 21. Rh2
Kf7 22. Kd2 Rh8 23. Rxh8 Rxh8 24. Nb5 Ne8 25. Ke3 Bg4 26. Rg1 Rh3+ 27. Rg3 Rxg3+
28. Nxg3 c6 29. Nc3 Kf6 30. f4 Bd7 31. Nce2 exf4+ 32. Kxf4 g5+ 33. Ke3 Ke5 34.
Nc1 cxd5 35. cxd5 Kf6 36. Kd4 Ng7 37. Nd3 g4 38. e5+ dxe5+ 39. Nxe5 Be8 40. d6
Nf5+ 41. Kd5 Nxg3 42. Nxg4+ Kf5 43. Ne5 Nh5 44. d7 Nf6+ 45. Kd6 Bxd7 46. Nxd7
Ne4+ 47. Kc7 Ke6 48. Nb6 Nc5 49. a3 Nd3 50. b3 Nc5 51. b4 axb4 52. axb4 Na6+ 53.
Kxb7 Nxb4 1/2-1/2

[Event "Women's Speed Chess Q2"]
[Site "chess.com INT"]
[Date "2020.06.19"]
[Round "8"]
[White "Zhao, Xue"]
[Black "Linares Napoles, Oleiny"]
[Result "1/2-1/2"]
[WhiteTitle "GM"]
[BlackTitle "WGM"]
[WhiteElo "2486"]
[BlackElo "2215"]
[WhiteFideId "8601283"]
[BlackFideId "3504794"]
[EventDate "2020.06.19"]

1. Nf3 c5 2. e3 b6 3. b3 Nf6 4. Bb2 Bb7 5. d3 e6 6. Nbd2 Be7 7. c4 O-O 8. Be2
Nc6 9. O-O d6 10. a3 Qc7 11. Qb1 a6 12. b4 Rfb8 13. Rc1 Qd7 14. Bc3 cxb4 15.
axb4 b5 16. c5 Nd5 17. d4 dxc5 18. bxc5 Nxc3 19. Rxc3 g6 20. Rd3 Bf8 21. e4 a5
22. d5 Nb4 23. c6 Bxc6 24. dxc6 Qxc6 25. Rb3 Bg7 26. Raa3 Rc8 27. g3 Nc2 28. Ra2
b4 29. Bd3 Nd4 30. Nxd4 Bxd4 31. Nc4 Qc5 32. Rc2 Rcb8 33. Nb2 Bxf2+ 34. Kg2 Qa7
35. Rxf2 a4 36. Nxa4 Qxa4 37. Rfb2 Qd7 38. Rxb4 Rxb4 39. Rxb4 Qd6 40. Rb6 Qe5
41. Rb5 Qd6 42. Rb6 Qe5 43. Qb2 Qc7 44. Be2 h5 45. h4 Rd8 46. Rb7 Qd6 47. Qf6
Rf8 48. Bc4 Qc6 49. Rxf7 Qxe4+ 50. Kh2 Rxf7 51. Bxe6 Qe2+ 52. Kh3 Qg4+ 53. Kh2
Qe2+ 54. Kg1 Qe1+ 55. Kg2 Qe2+ 56. Kh1 Qe1+ 57. Kh2 Qe2+ 1/2-1/2

[Event "Women's Speed Chess Q2"]
[Site "chess.com INT"]
[Date "2020.06.19"]
[Round "8"]
[White "Sargsyan, Anna M."]
[Black "Dwilewicz, Katarzyna"]
[Result "1-0"]
[WhiteTitle "WGM"]
[BlackTitle "WFM"]
[WhiteElo "2405"]
[BlackElo "2120"]
[WhiteFideId "13308130"]
[BlackFideId "1148486"]
[EventDate "2020.06.19"]

1. d4 Nf6 2. c4 e6 3. Nf3 d5 4. Nc3 c6 5. e3 Nbd7 6. Bd3 Bd6 7. Qc2 O-O 8. cxd5
exd5 9. O-O Re8 10. Rb1 a5 11. a3 b5 12. Re1 h6 13. Nh4 Nb6 14. Nf5 Bf8 15. Ne2
Ne4 16. Bxe4 Rxe4 17. Nfg3 Re6 18. Nf4 Rd6 19. e4 dxe4 20. Nxe4 Rxd4 21. Qxc6
Bf5 22. f3 Bd7 23. Qc3 Rc4 24. Qb3 Rac8 25. Be3 Na4 26. Rbd1 Qc7 27. Nd5 Qb7 28.
Ndf6+ gxf6 29. Rxd7 Qc6 30. Red1 f5 31. Nf2 Bc5 32. Bxc5 Qxc5 33. h3 Re8 34.
R7d5 Qe3 35. Qxe3 Rxe3 36. Rxf5 Nxb2 37. Rd8+ Kg7 38. Rd7 Rc1+ 39. Kh2 Re2 40.
Rdxf7+ Kg8 41. Rf8+ Kg7 42. R5f7+ Kg6 43. Ne4 Rcc2 44. Rf6+ Kg7 45. R8f7+ Kg8
46. Kg3 Rxg2+ 47. Kh4 Nd3 48. Rf8+ Kg7 49. R6f7+ Kg6 50. Nd6 Ne5 51. Rg8# 1-0

[Event "Women's Speed Chess Q2"]
[Site "chess.com INT"]
[Date "2020.06.19"]
[Round "8"]
[White "Kazarian, Anna-Maja"]
[Black "Anu, Bayar"]
[Result "0-1"]
[WhiteTitle "FM"]
[BlackTitle "WFM"]
[WhiteElo "2096"]
[BlackElo "2102"]
[WhiteFideId "1033689"]
[BlackFideId "4901339"]
[EventDate "2020.06.19"]

1. e4 d5 2. exd5 Qxd5 3. Nc3 Qd6 4. d4 Nf6 5. Nf3 a6 6. g3 Bg4 7. Bg2 Nc6 8. Bf4
Qb4 9. O-O O-O-O 10. d5 e5 11. Bd2 Bxf3 12. Bxf3 Nd4 13. Bg2 Qxb2 14. d6 Bxd6
15. Rb1 Qxc2 16. Bxb7+ Kd7 17. Qxc2 Nxc2 18. Rfc1 Nd4 19. Be3 c5 20. Bxa6 Rb8
21. Bc4 Ke7 22. a4 Rb4 23. Ba2 Rhb8 24. Bg5 Nf3+ 25. Kg2 Nxg5 26. Rxb4 cxb4 27.
Nb5 Ne6 28. Rc6 Ne8 29. Bc4 Nd4 30. Nxd4 exd4 31. a5 b3 32. Bd3 b2 33. Bb1 Nc7
34. a6 Ra8 35. Rb6 Rxa6 36. Rxb2 Ne6 37. Rb7+ Kf6 38. Rd7 Bc5 39. Bd3 Rd6 40.
Rb7 h6 41. Rb5 Ba7 42. Ra5 Bb6 43. Rb5 g5 44. h4 Nc5 45. Bc2 d3 46. Bd1 d2 47.
hxg5+ hxg5 48. Kf1 Ne4 49. Rb1 Nc3 50. Ra1 Nxd1 51. Rxd1 Ba5 52. Kg2 Re6 53. f4
Re1 54. fxg5+ Kxg5 0-1

[Event "Women's Speed Chess Q2"]
[Site "chess.com INT"]
[Date "2020.06.19"]
[Round "8"]
[White "Kirchei, Viktoriia"]
[Black "Sucikova, Svetlana"]
[Result "1-0"]
[WhiteTitle "WFM"]
[BlackTitle "WFM"]
[WhiteElo "2207"]
[BlackElo "2171"]
[WhiteFideId "34133396"]
[BlackFideId "14923653"]
[EventDate "2020.06.19"]

1. d3 d5 2. Nd2 c5 3. g3 Nc6 4. Bg2 Nf6 5. e3 Bg4 6. Ne2 e5 7. O-O Bd6 8. h3 Be6
9. f4 Qc8 10. g4 exf4 11. exf4 Qc7 12. Nf3 O-O-O 13. Ng5 Kb8 14. f5 Bc8 15. Nf4
d4 16. Qf3 Ne5 17. Qf2 h5 18. gxh5 Nxh5 19. Nd5 Qd7 20. f6 Nxf6 21. Nxf6 gxf6
22. Qxf6 Rdg8 23. Bf4 Qc7 24. Rae1 Nf3+ 25. Rxf3 Bxf4 26. Rxf4 Rh5 27. h4 Rg6
28. Qxf7 Rhxg5 29. Qxc7+ Kxc7 30. hxg5 Rxg5 31. Rf7+ Kb6 32. Rf6+ Ka5 33. Re8
Bh3 34. Rf2 Bxg2 35. Rxg2 Rd5 36. Re7 Ka6 37. Rg6+ b6 38. Rgg7 Kb5 39. Rxa7 Re5
40. a4+ Kb4 41. Rab7 Re6 42. Rge7 Rg6+ 43. Kf2 Kxa4 44. Ke2 Kb5 45. Re5 Rh6 46.
Rf7 Rh2+ 47. Rf2 Rh6 48. Ref5 Rc6 49. Kd2 Rd6 50. Rf6 Rd7 51. Re6 Rb7 52. Rff6
Ka5 53. c3 dxc3+ 54. bxc3 Kb5 55. Kc2 Ka5 56. Kb3 Kb5 57. c4+ Ka5 58. Re1 b5 59.
Ra1# 1-0

[Event "Women's Speed Chess Q2"]
[Site "chess.com INT"]
[Date "2020.06.19"]
[Round "8"]
[White "Kaya, Emel"]
[Black "Efimenko, Maria"]
[Result "1/2-1/2"]
[WhiteTitle "WCM"]
[BlackTitle "WIM"]
[WhiteElo "1912"]
[BlackElo "2245"]
[WhiteFideId "6306411"]
[BlackFideId "14124327"]
[EventDate "2020.06.19"]

1. e4 g6 2. Nf3 Bg7 3. d4 d6 4. Nc3 Nf6 5. Bg5 h6 6. Bh4 O-O 7. Bd3 c6 8. O-O
Qc7 9. e5 Nh5 10. exd6 exd6 11. Re1 Be6 12. Bxg6 fxg6 13. Rxe6 Nf4 14. Re1 Nd7
15. Bg3 Qb6 16. Qd2 g5 17. Rab1 d5 18. b3 Rf7 19. h4 g4 20. Bxf4 gxf3 21. g3
Qxd4 22. Qxd4 Bxd4 23. Nd1 Kh7 24. Ne3 Rg8 25. Kh2 Nf6 26. Rbd1 Bc3 27. Rh1 Ne4
28. Rd3 d4 29. Nd1 c5 30. Rxf3 b5 31. Nxc3 Nxc3 32. Kg2 Nd5 33. Bc1 Rxf3 34.
Kxf3 Rf8+ 35. Kg2 Nc3 36. a3 c4 37. bxc4 bxc4 38. Re1 d3 39. cxd3 cxd3 40. Re7+
Kg6 41. Rc7 Ne4 42. Rc6+ Kh7 43. Rxh6+ Kg7 44. Rc6 Rxf2+ 45. Kg1 d2 46. Bxd2
Rxd2 47. g4 Rd3 48. g5 Rxa3 49. Kg2 Rg3+ 50. Kf1 Rg4 51. Rc7+ Kg6 52. Rxa7 Rxh4
53. Kg2 Nxg5 54. Ra6+ Kh5 55. Ra5 Re4 56. Kf2 Kg4 57. Ra3 Nh3+ 58. Kf1 Nf4 59.
Kf2 Nh3+ 60. Kf1 Ng5 61. Kf2 Nh3+ 1/2-1/2

[Event "Women's Speed Chess Q2"]
[Site "chess.com INT"]
[Date "2020.06.19"]
[Round "8"]
[White "Khotenashvili, Bela"]
[Black "Ambartsumova, Karina"]
[Result "0-1"]
[WhiteTitle "GM"]
[BlackTitle "IM"]
[WhiteElo "2458"]
[BlackElo "2371"]
[WhiteFideId "13602640"]
[BlackFideId "4166299"]
[EventDate "2020.06.19"]

1. Nf3 Nf6 2. g3 g6 3. b3 Bg7 4. Bb2 O-O 5. Bg2 c5 6. O-O d5 7. c4 d4 8. b4 Nc6
9. bxc5 e5 10. d3 Nd7 11. Nbd2 Re8 12. Nb3 Bf8 13. Ba3 a5 14. Rb1 a4 15. Nbd2
Nxc5 16. Rb5 Ra5 17. Qb1 Na7 18. Rb2 Nc6 19. Ne1 Bg7 20. Nc2 Ne6 21. Ne4 Bf8 22.
Bxf8 Rxf8 23. Nb4 f5 24. Nd2 Nxb4 25. Rxb4 Nc5 26. Nf3 Qc7 27. Re1 Ra6 28. e3
dxe3 29. Rxe3 e4 30. dxe4 Nxe4 31. Nd4 Rd6 32. Nb5 Qc5 33. Nxd6 Nxd6 34. Bd5+
Kg7 35. Qb2+ Kh6 36. Qd2 g5 37. Rb1 f4 38. Re5 Bh3 39. Rc1 b5 40. Qe2 bxc4 41.
Re6+ Bxe6 42. Qxe6+ Kg7 43. Qe7+ Kg6 44. Qxf8 Qxd5 45. Qe7 Nf5 46. Qe8+ Kg7 47.
Re1 c3 48. Qc8 Nd4 49. Re7+ Kg6 50. Qe8+ Kh6 51. Qf8+ Kh5 52. Rxh7+ Kg4 53. Qc8+
Kf3 54. Re7 Ne2+ 55. Rxe2 Kxe2 56. Qxc3 Qd1+ 57. Kg2 Qf1# 0-1

[Event "Women's Speed Chess Q2"]
[Site "chess.com INT"]
[Date "2020.06.19"]
[Round "8"]
[White "Goltseva, Ekaterina"]
[Black "Mamedjarova, Turkan"]
[Result "0-1"]
[WhiteTitle "FM"]
[BlackTitle "WGM"]
[WhiteElo "2306"]
[BlackElo "2309"]
[WhiteFideId "24173770"]
[BlackFideId "13402005"]
[EventDate "2020.06.19"]

1. d4 d5 2. c4 e6 3. Nc3 Nf6 4. cxd5 exd5 5. Bg5 Be7 6. e3 O-O 7. Qc2 c6 8. Bd3
Nbd7 9. Nge2 h6 10. Bh4 Re8 11. f3 Bd6 12. e4 dxe4 13. fxe4 c5 14. O-O-O cxd4
15. Nxd4 Qa5 16. Nf5 Bf4+ 17. Kb1 Be5 18. Rhe1 Nb6 19. Bb5 Bxf5 20. exf5 Bxc3
21. Bxe8 Bxe1 22. Bxe1 Qa6 23. Bxf7+ Kxf7 24. Qc7+ Kg8 25. Bc3 Rf8 26. Qe7 Re8
27. Rd8 Qf1+ 28. Kc2 Qxf5+ 29. Kc1 Rxd8 30. Qxd8+ Kh7 31. Qe7 Nbd5 32. Qxb7 Qf1+
33. Kc2 Qc4 34. Qxa7 Nb4+ 35. Kc1 Nxa2+ 36. Kb1 Nxc3+ 37. bxc3 Qb3+ 38. Kc1
Qxc3+ 39. Kd1 Qd3+ 40. Ke1 Ng4 41. h3 Qe3+ 42. Qxe3 Nxe3 43. Kf2 Nd5 44. Kf3 Kg6
45. g3 Nc3 46. Kg4 Kf6 47. h4 Ne2 48. Kf3 Nd4+ 49. Kf4 Nf5 50. h5 Ne7 51. Kg4
Nd5 52. Kh4 Ne3 53. g4 Ng2+ 54. Kg3 Ne1 55. Kf4 Nd3+ 56. Ke3 Kg5 57. Kxd3 Kxg4 0-1

[Event "Women's Speed Chess Q2"]
[Site "chess.com INT"]
[Date "2020.06.19"]
[Round "8"]
[White "Jannatul, Ferdous"]
[Black "Mudodo, Refiloe Hazel"]
[Result "0-1"]
[WhiteTitle "WCM"]
[BlackTitle "WCM"]
[WhiteElo "1844"]
[BlackElo "1543"]
[WhiteFideId "10212590"]
[BlackFideId "11000821"]
[EventDate "2020.06.19"]

1. e4 e6 2. d4 d5 3. Nc3 dxe4 4. Nxe4 Bd7 5. Nf3 Bc6 6. Bd3 Nd7 7. O-O Ngf6 8.
Nxf6+ Nxf6 9. c3 Be7 10. Bf4 O-O 11. Bc2 Bxf3 12. Qxf3 c6 13. Qg3 g6 14. Qh3 Nd5
15. Be5 Bf6 16. f4 Bg7 17. Rf3 Qd7 18. Bxg7 Kxg7 19. Qh4 Rad8 20. Rh3 h5 21. Qg5
Rh8 22. Rf1 Qe7 23. Qe5+ Qf6 24. Qe4 Qf5 25. Qe2 Nxf4 26. Rxf4 Qxf4 27. Rf3 Qd6
28. Qf2 Rhf8 29. Qh4 e5 30. dxe5 Qxe5 31. h3 Rd2 32. Qe4 Qc5+ 33. Kh2 f5 34.
Rxf5 Qxf5 35. Qxf5 gxf5 36. Bb3 Rxb2 37. Kg3 f4+ 38. Kf3 a5 39. h4 b6 40. Bc4 c5
41. Be6 b5 42. Bd5 b4 43. Bc4 a4 44. Bd5 bxc3 45. Bc4 c2 0-1

[Event "Women's Speed Chess Q2"]
[Site "chess.com INT"]
[Date "2020.06.19"]
[Round "8"]
[White "Karnaukhova, Elmira"]
[Black "Belenkaya, Dina"]
[Result "1-0"]
[WhiteTitle "WGM"]
[BlackTitle "WGM"]
[WhiteElo "2319"]
[BlackElo "2297"]
[WhiteFideId "4148827"]
[BlackFideId "24142654"]
[EventDate "2020.06.19"]

1. d4 Nf6 2. Bg5 Ne4 3. Bh4 g5 4. f3 gxh4 5. fxe4 d5 6. exd5 Qxd5 7. Nc3 Qh5 8.
e4 Bg4 9. Be2 Bxe2 10. Qxe2 Qxe2+ 11. Ngxe2 Nc6 12. O-O Bh6 13. Rf3 Rd8 14. Rd1
Nb4 15. Na4 Nxc2 16. Rc3 Ne3 17. Rdd3 Ng4 18. Rxc7 Be3+ 19. Kf1 Nxh2+ 20. Ke1
Ng4 21. Rxb7 e5 22. d5 Rg8 23. Nac3 Bb6 24. Rf3 Rg7 25. Nd1 Rd7 26. Rxd7 Kxd7
27. b4 Ke7 28. a4 a6 29. a5 Ba7 30. Kd2 Rg8 31. Ndc3 Rb8 32. b5 axb5 33. Na2 b4
34. Rb3 Nf2 35. Rxb4 Rxb4 36. Nxb4 Nxe4+ 37. Kc2 f5 38. Nc6+ Kd6 39. Nxa7 Kxd5
40. Nb5 Nc5 41. Nec3+ Kc4 42. Nc7 f4 43. a6 Nd7 44. a7 Nb6 45. Ne6 f3 46. gxf3
h3 47. Nc7 h2 48. a8=Q Nxa8 49. Nxa8 h1=Q 50. Nb6+ Kc5 51. Nd7+ 1-0

[Event "Women's Speed Chess Q2"]
[Site "chess.com INT"]
[Date "2020.06.19"]
[Round "8"]
[White "Mkrtchian, Lilit"]
[Black "Vittal, Sanjana"]
[Result "1-0"]
[WhiteTitle "IM"]
[BlackTitle "WFM"]
[WhiteElo "2388"]
[BlackElo "1961"]
[WhiteFideId "13300601"]
[BlackFideId "2097486"]
[EventDate "2020.06.19"]

1. d4 d5 2. c4 e6 3. Nc3 Bb4 4. a3 Bxc3+ 5. bxc3 Ne7 6. e3 O-O 7. Bd3 dxc4 8.
Bxc4 c5 9. Ne2 Nbc6 10. O-O Qc7 11. Bd3 e5 12. Bb2 Bf5 13. e4 Bg4 14. f3 Bc8 15.
d5 Nb8 16. c4 Nd7 17. Qc2 f6 18. Rae1 g5 19. Ng3 Rd8 20. a4 Nf8 21. Nh5 Kf7 22.
Qf2 Kg6 23. g4 Qd6 24. h4 h6 25. Kg2 Kf7 26. Rh1 Nfg6 27. hxg5 fxg5 28. Qd2 Bd7
29. a5 Rf8 30. Bc2 Ke8 31. Qd1 Nh4+ 32. Rxh4 gxh4 33. Ba4 Ng6 34. Bxd7+ Qxd7 35.
Rh1 Kd8 36. Qd2 Qf7 37. Rh3 Qh7 38. Ba3 b6 39. Qb2 Kc7 40. Qb5 Qf7 41. Qc6+ Kb8
42. axb6 axb6 43. Qxb6+ Qb7 44. Qxc5 Rc8 45. Qd6+ Qc7 46. Rh1 Qxd6 47. Bxd6+ Kb7
48. Rb1+ Ka6 49. c5 Nf4+ 50. Nxf4 exf4 51. c6 Rd8 52. Bxf4 Rf8 53. Be3 Rfb8 54.
Ra1+ Kb5 55. Rb1+ Kc4 56. Rxb8 Rxb8 57. c7 Rc8 58. d6 Kd3 59. d7 Rxc7 60. d8=Q+
Kxe3 61. Qxc7 h3+ 62. Kxh3 h5 63. Qd6 Kf2 64. gxh5 Kg1 65. h6 Kf2 66. h7 1-0